000
00319nam a2200133Ia 4500
008
220204s9999 xx 000 0 und d
082
_a
578:581
_b
SMI;2
100
_a
SMITH, Kenneth M
245
0
_a
Plant viruses
250
_a
Ed.6
260
_a
London
_b
Chapman and Hall
_c
1974
650
_a
Plant viruses
942
_c
BK
999
_c
24621
_d
24621